The conservation and and repair of ecclesiastical buildings (Record no. 90838)
[ view plain ]
| 000 -LEADER | |
|---|---|
| fixed length control field | 02180cam a2200673 4500 |
| 008 - FIXED-LENGTH DATA ELEMENTS--GENERAL INFORMATION | |
| fixed length control field | 090401t1996 xxu||||| |||| 00| 0 eng d |
| 020 ## - INTERNATIONAL STANDARD BOOK NUMBER | |
| International Standard Book Number | 0952008076 |
| 035 ## - SYSTEM CONTROL NUMBER | |
| System control number | (Sirsi) u39829 |
| 041 ## - LANGUAGE CODE | |
| Language code of text/sound track or separate title | eng |
| 050 ## - LIBRARY OF CONGRESS CALL NUMBER | |
| Classification number | 690.241 |
| -- | 18 |
| 245 #4 - TITLE STATEMENT | |
| Title | The conservation and and repair of ecclesiastical buildings |
| 250 ## - EDITION STATEMENT | |
| Edition statement | 3rd ed. |
| 260 ## - PUBLICATION, DISTRIBUTION, ETC. | |
| Place of publication, distribution, etc. | London |
| Name of publisher, distributor, etc. | Cathedral Communications Limited |
| Date of publication, distribution, etc. | 1996 |
| 300 ## - PHYSICAL DESCRIPTION | |
| Extent | 48p. |
| Other physical details | ill. |
| Dimensions | 30cm. |
| 350 ## - PRICE (NR) (BK AM CF MU VM SE) [OBSOLETE] | |
| Price | 5.95 |
| 490 ## - SERIES STATEMENT | |
| Series statement | Building Conservation Directory Special Report |
| Volume/sequential designation | 1 |
| 505 ## - FORMATTED CONTENTS NOTE | |
| Formatted contents note | An open door policy |
| 505 ## - FORMATTED CONTENTS NOTE | |
| Formatted contents note | Security aspects |
| 505 ## - FORMATTED CONTENTS NOTE | |
| Formatted contents note | The historic chapels trust's repair and conservation of Todmorden Unitarian Church |
| 505 ## - FORMATTED CONTENTS NOTE | |
| Formatted contents note | Exhumations |
| 505 ## - FORMATTED CONTENTS NOTE | |
| Formatted contents note | Structural problems of spires and some remedies |
| 505 ## - FORMATTED CONTENTS NOTE | |
| Formatted contents note | Underside condensation and corrosion of lead sheet roofs |
| 505 ## - FORMATTED CONTENTS NOTE | |
| Formatted contents note | Planning and conservation control |
| 505 ## - FORMATTED CONTENTS NOTE | |
| Formatted contents note | Stained glass and its decay |
| 505 ## - FORMATTED CONTENTS NOTE | |
| Formatted contents note | Monumental brasses |
| 505 ## - FORMATTED CONTENTS NOTE | |
| Formatted contents note | The manufacture of replica inlaid medieval floor tiles |
| 505 ## - FORMATTED CONTENTS NOTE | |
| Formatted contents note | Light : the medium of vision |
| 505 ## - FORMATTED CONTENTS NOTE | |
| Formatted contents note | Heritage Lottery Fund |
| 520 ## - SUMMARY, ETC. | |
| Summary, etc. | An annual looking at issues surrounding the conservation and repair of churches which includes a directory of useful orgnaisations, products and services. |
| 650 ## - SUBJECT ADDED ENTRY--TOPICAL TERM | |
| Topical term or geographic name entry element | CHURCHES |
| 650 ## - SUBJECT ADDED ENTRY--TOPICAL TERM | |
| Topical term or geographic name entry element | ECCLESIASTICAL BUILDINGS |
| 650 ## - SUBJECT ADDED ENTRY--TOPICAL TERM | |
| Topical term or geographic name entry element | EXHUMATIONS |
| 650 ## - SUBJECT ADDED ENTRY--TOPICAL TERM | |
| Topical term or geographic name entry element | HERITAGE LOTTERY FUND |
| 650 ## - SUBJECT ADDED ENTRY--TOPICAL TERM | |
| Topical term or geographic name entry element | LEAD SHEET ROOFS |
| 650 ## - SUBJECT ADDED ENTRY--TOPICAL TERM | |
| Topical term or geographic name entry element | LIGHTING |
| 650 ## - SUBJECT ADDED ENTRY--TOPICAL TERM | |
| Topical term or geographic name entry element | MONUMENTAL BRASSES |
| 650 ## - SUBJECT ADDED ENTRY--TOPICAL TERM | |
| Topical term or geographic name entry element | RESTORATION |
| 650 ## - SUBJECT ADDED ENTRY--TOPICAL TERM | |
| Topical term or geographic name entry element | SECURITY |
| 650 ## - SUBJECT ADDED ENTRY--TOPICAL TERM | |
| Topical term or geographic name entry element | SPIRES |
| 650 ## - SUBJECT ADDED ENTRY--TOPICAL TERM | |
| Topical term or geographic name entry element | STAINED GLASS |
| 650 ## - SUBJECT ADDED ENTRY--TOPICAL TERM | |
| Topical term or geographic name entry element | TILES |
| 650 ## - SUBJECT ADDED ENTRY--TOPICAL TERM | |
| Topical term or geographic name entry element | TODMORDEN UNITARIAN CHURCH |
| 690 ## - LOCAL SUBJECT ADDED ENTRY--TOPICAL TERM (OCLC, RLIN) | |
| Topical term or geographic name as entry element | CONSERVATION |
| 700 ## - ADDED ENTRY--PERSONAL NAME | |
| Personal name | Taylor, Jonathan |
| International Standard Serial Number | Editor |
| 700 ## - ADDED ENTRY--PERSONAL NAME | |
| Personal name | Lloyd Webber |
| Relator term | Sir, Andrew |
| 700 ## - ADDED ENTRY--PERSONAL NAME | |
| Personal name | Male, Tony |
| 700 ## - ADDED ENTRY--PERSONAL NAME | |
| Personal name | Freeman, Jennifer M. |
| 700 ## - ADDED ENTRY--PERSONAL NAME | |
| Personal name | Jenkins, David |
| 700 ## - ADDED ENTRY--PERSONAL NAME | |
| Personal name | Beckmann, Poul |
| 700 ## - ADDED ENTRY--PERSONAL NAME | |
| Personal name | Coote, Fred |
| 700 ## - ADDED ENTRY--PERSONAL NAME | |
| Personal name | Taylor, Jonathan |
| 700 ## - ADDED ENTRY--PERSONAL NAME | |
| Personal name | Anderson, Drew |
| 700 ## - ADDED ENTRY--PERSONAL NAME | |
| Personal name | Lack, William |
| 700 ## - ADDED ENTRY--PERSONAL NAME | |
| Personal name | Hall, Diana |
| 700 ## - ADDED ENTRY--PERSONAL NAME | |
| Personal name | Philips, Michael |
| 700 ## - ADDED ENTRY--PERSONAL NAME | |
| Personal name | Taylor, Jonathan |
| 942 ## - ADDED ENTRY ELEMENTS (KOHA) | |
| Suppress in OPAC | 0 |
| 948 ## - LOCAL PROCESSING INFORMATION (OCLC); SERIES PART DESIGNATOR (RLIN) | |
| c (OCLC) | 04/03/1997 |
| Withdrawn status | Lost status | Source of classification or shelving scheme | Damaged status | Not for loan | Home library | Current library | Shelving location | Date acquired | Cost, normal purchase price | Total Checkouts | Full call number | Barcode | Date last seen | Copy number | Cost, replacement price | Price effective from | Koha item type |
|---|---|---|---|---|---|---|---|---|---|---|---|---|---|---|---|---|---|
| Dewey Decimal Classification | London | London | Folio | 08/08/1996 | 5.95 | F690.241 TAY | 30050155 | 06/08/2019 | 1 | 5.95 | 06/08/2019 | Book |